000 01381nam a22002537a 4500
005 20080827101417.0
008 080827t xxu||||| |||| 00| 0 hin d
010 _aHIN-84096
020 _c300.00
_a9788189627090
035 _aHN-56442
037 _aDBAD / PUB
040 _aDPL
_bHN
082 _a423
100 _aत्रिपाठी, आत्माराम
245 _aपूर्वी अवधीःग्राम्य शब्दावलीः
_cआत्माराम त्रिपाठी
_b(जबलपुर विश्वविद्यालय की पी. एच.डी. उपाधि के लिए स्वीकृत शोध- प्रबन्ध) /
246 _aPurvi Awadhi : Gramya Shabdaavali
_bby Armaram Tripathi
260 _aइलाहाबाद
_bआलोक प्रकाशन
_c2007
270 _a99ए/150, लूकरगंज
_bइलाहाबाद
_e1
300 _a223पृ
_c22सेमी (सजिल्द)
650 _aअवधी भाषा
_xशब्दकोश
_xहिन्दी
650 _aAvadhi language
_xDictionary
_xHindi
942 _2ddc
_cHN
_mत्रिपाठी
_h423
999 _c15124
_d15124